LEADER 01358nam0 2200301 450 001 000044864 005 20180719102200.0 010 $a0-948601-27-2 100 $a20180718d1990----km-y0itaa50------ba 101 0 $aeng 102 $aGB 200 1 $aGrowth factors in cell and developmental biology$eproceedings of the British society for cell biology, Journal of cell science symposium, Manchester, April 1990$forganized and edited by M. D. Waterfield 210 $aCambridge$c<> Company of biologists$d1990 215 $a212 p., [1] carta di tav.$cill.$d26 cm. 300 $aSupplemento di Journal of cell science, 13(1990), fasc. monografico 606 1 $aBiologia dello sviluppo 676 $a571.6$v(22. ed.)$9Biologia cellulare 702 1$aWaterfield,$bM. D. 710 02$aBritish society for cell biology$0311614 711 12$aJournal of cell science symposium$f<1990$e; Manchester>$0758825 801 0$aIT$bUniversità della Basilicata - B.I.A.$gREICAT$2unimarc 912 $a000044864 996 $aGrowth factors in cell and developmental biology$91533052 997 $aUNIBAS CAT $aTTM$b30$c20180718$lBAS01$h1603 CAT $aTTM$b30$c20180719$lBAS01$h1022 FMT Z30 -1$lBAS01$LBAS01$mBOOK$1BASA2$APolo Tecnico-Scientifico$2GEN$BCollezione generale$3PTS.d1.CGT.116135$6116135$5T116135$820180718$f02$FPrestabile Generale LEADER 01745nam0 2200373 i 450 001 IEI0000778 005 20251003044156.0 020 $aIT$b8212677 100 $a19880307d1982 ||||0itac50 ba 101 | $aita 102 $ait 181 1$6z01$ai $bxxxe 182 1$6z01$an 183 1$6z01$anc$2RDAcarrier 200 1 $aAntonio Gramsci$ela "transizione" politica$fGian Pietro Calabrò 210 $aNapoli$cEdizioni Scientifiche Italiane$d1982 215 $a110 p.$d20 cm 225 | $aˆL'‰ircocervo$v9 410 0$1001CFI0032826$12001 $aˆL'‰ircocervo$v9 606 $aGramsci, Antonio$2FIR$3CFIC002316$9E 676 $a320.532092$9IDEOLOGIE POLITICHE. COMUNISMO. Persone.$v21 676 $a335.4$9SISTEMI MARXIANI (MARXISMO)$v19 676 $a335.4$9SISTEMI MARXISTI$v23 676 $a335.4092$9SISTEMI MARXIANI. Persone$v20 700 1$aCalabrò$b, Gian Pietro$3MILV086104$4070$0414452 801 3$aIT$bIT-000000$c19880307 850 $aIT-BN0095 $aIT-NA0079 $aIT-BN0015 901 $bNAP BN$cA $nComprende volumi con collocazioni per formato catalogati prima del 1987. La consegna del doc. é effettuata dall'Uff. Distribuzione. 901 $bNAP 01$cPOZZO LIB.$nVi sono collocati fondi di economia, periodici di ingegneria e scienze, periodici di economia e statistica e altri fondi comprendenti documenti di economia pervenuti in dono. 912 $aIEI0000778 950 0$aBiblioteca Centralizzata di Ateneo$c1 v.$d 01POZZO LIB.ECON MON 3885$e 0101 0070016285E VMA 1 v. (Precedente collocazione 1 b 628)$fB $h20220923$i20220923 977 $a 01$a BN$a PB 996 $aAntonio Gramsci$9689318 997 $aUNISANNIO